000 00952cam a2200301 4500
001 ABS66110
008 021021n2002 000 0 eng u
035 _a(Sirsi) u120198
100 _aGorlach, W.
245 _aModulation and CAP reform special
260 _c2002
490 _aRICS Rural Professional
_vAugust/September 2002, 14-23(10)
520 _aA series of articles which describe the RICS business breakfast at the Royal Show 2002; the reform of CAP; the future of European agriculture; and the impact on individual farmers by studying the impact of modulation on six farms.
590 _aABS
650 _aCAP
650 _aREFORMS
650 _aAGRICULTURAL POLICY
650 _aMODULATION
650 _aFARMING
650 _aCASE STUDIES
650 _aEUROPE
690 _aRURAL-AGRICULTURE AND FORESTRY
700 _aWyn, E.
700 _aBeach, S.
700 _aAppleby, M.
700 _aBusk, N.
942 _n0
999 _c71398
_d71398